000 00322nam a22001457a 4500
003 SGT
020 _a9789393324030
082 _a345.05
_bJAI
100 _aJAIN ASHOK K
245 _aCRIMINAL LAW I
_bINDIAN PENALCODE I
250 _a7
260 _aDELHI
_bASCENT PUBLICATION
_c2024
300 _a581
942 _2ddc
_cBK
_03
999 _c25751
_d25751